Städte, die mit "h" enden - Statistiken

Allgemein
  • Dieses Quiz wurde 43 mal gespielt
  • Das Durchschnittsergebnis liegt bei 3 aus 5
Antwortstatistiken
Hint Antwort % Korrekt
130.000 Fürth
61%
270.000 Mönchengladbach
61%
130.000 Offenbach
53%
100.000 Gütersloh
50%
110.000 Bergisch Gladbach
42%
Keine übereinstimmenden Quizze gefunden
Verteilung der Resultate
Anzahl Personen mit jedem Resultat
Perzentil nach korrekt beantworteten Fragen
Ihre Resultats-Entwicklung
Sie haben dieses Quiz noch nicht gespielt